000 00602nam a2200193 a 4500
001 000009509
005 20240412074211.0
008 090930s1974 dr a 000 p spa d
040 _aDO-SdBNP
_bspa
_cBNPHU
082 _aRD861.44
_bA366b
100 1 _aAlejandra, Mayda
_924325
245 1 0 _aBotones de mi huerto /
_cMayda Alejandra.
260 _aSanto Domingo :
_fEditora Cultural Dominicana
_c1974.
300 _a103 p. :
_bil. ;
_c21 cm.
590 _aInventariado, 2018/VM
650 0 _aPoesía dominicana
_966
650 0 _aLiteratura dominicana.
_967
910 _aValidado. Control de calidad BNPHU
999 _c9269
_d9269